000 00578nam a2200205 i 4500
001 16283
003 ES-MaACL
005 20230906151300.0
007 t|
008 000824s1992 sp ||||1| spa d
020 _a84-7509-753-7
080 _a159.922.1-055.2
100 1 _aMiller, J. Baker.
_981216
245 1 0 _aHacia una nueva psicología de la mujer /
_cJean Baker Miller.
250 _a1ª ed.
260 _aBarcelona :
_bPaidós Ibérica,
_c1992.
300 _a159 p. ;
_c22 cm.
650 1 4 _aMujeres-
_xPsicología.
_915309
852 _aES-MaACL
_jL-23593
_bR.128711
999 _c16283
_d16283